<?xml version="1.0" encoding="UTF-8"?>
<record
    xmlns:xsi="http://www.w3.org/2001/XMLSchema-instance"
    xsi:schemaLocation="http://www.loc.gov/MARC21/slim http://www.loc.gov/standards/marcxml/schema/MARC21slim.xsd"
    xmlns="http://www.loc.gov/MARC21/slim">

  <leader>02057cam a22002294a 4500</leader>
  <controlfield tag="005">20251125072856.0</controlfield>
  <datafield tag="020" ind1=" " ind2=" ">
    <subfield code="a">9789987449507</subfield>
    <subfield code="c">TZS.35,000/=</subfield>
  </datafield>
  <datafield tag="040" ind1=" " ind2=" ">
    <subfield code="a">MCCL</subfield>
    <subfield code="b">eng.</subfield>
    <subfield code="e">AACR 2nd rev. ed.</subfield>
  </datafield>
  <datafield tag="082" ind1=" " ind2=" ">
    <subfield code="a">342.06678 CHI</subfield>
  </datafield>
  <datafield tag="100" ind1="1" ind2=" ">
    <subfield code="a">Chipeta, B. D.</subfield>
  </datafield>
  <datafield tag="245" ind1="1" ind2="0">
    <subfield code="a">Administrative law in Tanzania :</subfield>
    <subfield code="b">a digest of cases </subfield>
    <subfield code="c">/ B.D. Chipeta.</subfield>
  </datafield>
  <datafield tag="260" ind1=" " ind2=" ">
    <subfield code="a">Dar es Salaam :</subfield>
    <subfield code="b">Mkuki na Nyota Publishers.;</subfield>
    <subfield code="c">c 2009.</subfield>
  </datafield>
  <datafield tag="300" ind1=" " ind2=" ">
    <subfield code="a">xli, 235 p.:</subfield>
    <subfield code="c">23 cm.</subfield>
  </datafield>
  <datafield tag="504" ind1=" " ind2=" ">
    <subfield code="a">Includes bibliographical references </subfield>
  </datafield>
  <datafield tag="520" ind1=" " ind2=" ">
    <subfield code="a">Administrative law may best be defined by describing what it encompasses: it is that branch of law which deals with the individual versus governmental or administrative power. It covers court restraint of actions or inactions of public institutions, administrative processes of central and local government, parliamentary and subordinate legislat on and the means and procedures by which the rights of individuals are protected against abuse of power by public or local authorities, public corporations, tribunals and other bodies which discharge functions of public nature entrusted to them by law for the benefit of the citizen. It is hoped that this book will act as a wake-up call to all those who have been entrusted with the duty of making decisions affecting the rights of citizens to update themselves so as to discharge their duties correctly and in spirit of good governance. Administrative Law in Tanzania: A Digest of Cases covers high profile and landmark cases in topical areas of constitutional and administrative law from colonial days to present time, names, procedures in applying for prerogative remedies, constitutional principles and human rights, separation of powers between the Executive, the Legislature and the Judicature, natural justice and the rule of law, statutory ouster of jurisdiction of courts, and the right to legal representation</subfield>
  </datafield>
  <datafield tag="546" ind1=" " ind2=" ">
    <subfield code="a">eng.</subfield>
  </datafield>
  <datafield tag="650" ind1=" " ind2="0">
    <subfield code="a">Administrative law</subfield>
    <subfield code="z">Tanzania</subfield>
  </datafield>
  <datafield tag="650" ind1=" " ind2="0">
    <subfield code="a">Constitutioal principles</subfield>
  </datafield>
  <datafield tag="650" ind1=" " ind2="0">
    <subfield code="a">Prerogative orders</subfield>
  </datafield>
  <datafield tag="700" ind1=" " ind2=" ">
    <subfield code="a">Chipeta, B. D.</subfield>
  </datafield>
  <datafield tag="942" ind1=" " ind2=" ">
    <subfield code="c">BK</subfield>
  </datafield>
  <datafield tag="999" ind1=" " ind2=" ">
    <subfield code="c">11700</subfield>
    <subfield code="d">11700</subfield>
  </datafield>
  <datafield tag="952" ind1=" " ind2=" ">
    <subfield code="0">0</subfield>
    <subfield code="1">0</subfield>
    <subfield code="4">0</subfield>
    <subfield code="7">0</subfield>
    <subfield code="a">MU002</subfield>
    <subfield code="b">MU002</subfield>
    <subfield code="d">2010-07-01</subfield>
    <subfield code="e">Mkuki na Nyota Publisher</subfield>
    <subfield code="l">0</subfield>
    <subfield code="o">342.06678 CHI</subfield>
    <subfield code="p">001461</subfield>
    <subfield code="r">2025-10-03 11:23:15</subfield>
    <subfield code="t">1</subfield>
    <subfield code="w">2025-10-03</subfield>
    <subfield code="y">BK</subfield>
  </datafield>
  <datafield tag="952" ind1=" " ind2=" ">
    <subfield code="0">0</subfield>
    <subfield code="1">0</subfield>
    <subfield code="4">0</subfield>
    <subfield code="7">0</subfield>
    <subfield code="a">MU002</subfield>
    <subfield code="b">MU002</subfield>
    <subfield code="d">2010-07-01</subfield>
    <subfield code="e">Mkuki na Nyota Publisher</subfield>
    <subfield code="l">0</subfield>
    <subfield code="o">342.06678 CHI</subfield>
    <subfield code="p">001462</subfield>
    <subfield code="r">2025-10-03 11:23:15</subfield>
    <subfield code="t">2</subfield>
    <subfield code="w">2025-10-03</subfield>
    <subfield code="y">BK</subfield>
  </datafield>
</record>
